[Event "PRVA LIGA CENTRALNE SRBIJE 2015"]
[Site "Kragujevac"]
[Date "2015.09.06"]
[Round "2.1"]
[White "Colovic, Dusan"]
[Black "Petkov, Vladimir"]
[Result "0-1"]
[WhiteElo "2375"]
[BlackElo "2481"]
[PlyCount "72"]
[EventDate "2015.09.05"]

1. d4 Nf6 2. Nc3 d5 3. Bf4 Bf5 4. e3 e6 5. f3 Bd6 6. Nge2 Nc6 7. Bxd6 Qxd6 8.
Ng3 Bg6 9. Bb5 O-O 10. f4 Nb4 11. Bd3 c5 12. Bxg6 fxg6 13. O-O Nc6 14. Nb5 Qe7
15. c3 a6 16. Na3 h5 17. Nc2 cxd4 18. exd4 h4 19. Nh1 h3 20. g3 g5 21. fxg5 Ne4
22. Qg4 Nxg5 23. Ne3 b5 24. a3 Na5 25. Rae1 Nc4 26. Nxc4 dxc4 27. Rf4 Qb7 28.
Re2 Qd5 29. Ref2 a5 30. Qe2 b4 31. Qf1 Rxf4 32. gxf4 Ne4 33. Qxh3 Nxf2 34. Nxf2
bxa3 35. bxa3 Rb8 36. Kf1 Rb1+ 0-1

[Event "PRVA LIGA CENTRALNE SRBIJE 2015"]
[Site "Kragujevac"]
[Date "2015.09.06"]
[Round "2.1"]
[White "Paunovic, Tomislav"]
[Black "Jevdjovic, Milorad"]
[Result "1-0"]
[WhiteElo "2342"]
[BlackElo "2290"]
[PlyCount "95"]
[EventDate "2015.09.05"]

1. d4 Nf6 2. g3 g6 3. Bg2 Bg7 4. e4 d6 5. Ne2 O-O 6. O-O Nbd7 7. Nbc3 c6 8. a4
Qc7 9. h3 e5 10. a5 Re8 11. d5 c5 12. Be3 a6 13. Qd2 b5 14. axb6 Nxb6 15. b3
Rb8 16. Ra3 Bb7 17. Rfa1 Ra8 18. Na4 Nbd7 19. Nb2 Nb6 20. Nc3 Nfd7 21. Bf1 Nb8
22. Nca4 Nxa4 23. Rxa4 Nd7 24. Bxa6 Bxa6 25. Rxa6 Rxa6 26. Rxa6 Nb8 27. Ra8 Qc8
28. Kh2 f5 29. Nc4 Bf8 30. f3 Qb7 31. Qa5 Nc6 32. dxc6 Qxa8 33. Qxa8 Rxa8 34.
Nb6 Ra7 35. Nd5 Ra8 36. c7 Rc8 37. b4 cxb4 38. Ba7 Kf7 39. Bb8 Ke6 40. Nb6 Re8
41. Kg2 Ke7 42. Kf1 Ke6 43. Ke2 Ke7 44. c8=Q Rxc8 45. Nxc8+ Kd7 46. Nb6+ Kc6
47. Nd5 Kb7 48. Bc7 1-0

[Event "PRVA LIGA CENTRALNE SRBIJE 2015"]
[Site "Kragujevac"]
[Date "2015.09.06"]
[Round "2.1"]
[White "Kiproski, Branislav"]
[Black "Manic, Jovica"]
[Result "1/2-1/2"]
[WhiteElo "2240"]
[BlackElo "2265"]
[PlyCount "117"]
[EventDate "2015.09.05"]

1. d4 c5 2. d5 e5 3. e4 d6 4. Nc3 a6 5. a4 Be7 6. Be2 Bg5 7. Nf3 Bxc1 8. Qxc1
Bg4 9. Nd2 Bxe2 10. Nxe2 Nf6 11. Ng3 g6 12. Nc4 Qc7 13. f4 Nbd7 14. O-O O-O 15.
fxe5 dxe5 16. Qh6 Ne8 17. Ra3 f6 18. a5 Rf7 19. Rb3 Rb8 20. Qe3 Nd6 21. Nxd6
Qxd6 22. h4 c4 23. Rc3 Rc8 24. b3 Qb4 25. Rxc4 Rxc4 26. bxc4 Qxa5 27. Kh2 Qc5
28. Qe2 Nb6 29. h5 Nxc4 30. Re1 Qc8 31. Qd3 Nd6 32. c3 Rc7 33. Rc1 Rc4 34. Qf3
f5 35. hxg6 hxg6 36. exf5 Rh4+ 37. Kg1 Qc5+ 38. Qf2 Qxf2+ 39. Kxf2 gxf5 40. c4
Rxc4 41. Rxc4 Nxc4 42. Nxf5 Kf7 43. Ke2 a5 44. Kd3 b5 45. g4 Kf6 46. Kc3 Nb6
47. Ne3 Nd7 48. Kd3 Nc5+ 49. Kc3 Kg5 50. Kc2 Kf4 51. Kd2 Ne4+ 52. Kd3 Nd6 53.
Kd2 b4 54. Kd3 a4 55. Nc4 e4+ 56. Kd4 Nb5+ 57. Kc5 e3 58. Nxe3 Kxe3 59. Kxb4
1/2-1/2

[Event "PRVA LIGA CENTRALNE SRBIJE 2015"]
[Site "Kragujevac"]
[Date "2015.09.06"]
[Round "2.1"]
[White "Nikolic, Boban"]
[Black "Baralic, Nebojsa"]
[Result "1-0"]
[WhiteElo "2236"]
[BlackElo "2244"]
[PlyCount "99"]
[EventDate "2015.09.05"]

1. c4 e5 2. g3 Nf6 3. Bg2 c6 4. d4 Bb4+ 5. Bd2 Bxd2+ 6. Qxd2 e4 7. Nc3 d5 8.
Nh3 O-O 9. O-O Re8 10. cxd5 cxd5 11. f3 e3 12. Qd3 Nc6 13. Rfd1 g6 14. Rac1 a6
15. Na4 Qa5 16. Qb3 Qb5 17. Nf4 g5 18. Nb6 Qxb3 19. axb3 Rb8 20. Nfxd5 Nxd5 21.
Nxd5 Rd8 22. Rc5 Be6 23. Nxe3 Nxd4 24. Rxg5+ Kf8 25. Kf2 Nxb3 26. f4 Rxd1 27.
Nxd1 b5 28. Ne3 a5 29. Be4 h6 30. Rh5 Kg7 31. f5 Nd2 32. Bc6 Bc4 33. Ke1 Nb3
34. Ng4 Nd4 35. Be4 f6 36. Rxh6 Bxe2 37. Rg6+ Kf7 38. Nxf6 Bf3 39. Kf2 Bxe4 40.
Nxe4 b4 41. Ra6 a4 42. Nd6+ Ke7 43. f6+ Kxf6 44. Rxa4 Ke5 45. Ra6 Rf8+ 46. Kg2
Kd5 47. h4 Rf6 48. h5 Rxd6 49. Rxd6+ Kxd6 50. h6 1-0

[Event "PRVA LIGA CENTRALNE SRBIJE 2015"]
[Site "Kragujevac"]
[Date "2015.09.06"]
[Round "2.1"]
[White "Puaca, Goran"]
[Black "Arandjelovic, Aleksandar Z"]
[Result "0-1"]
[WhiteElo "2147"]
[BlackElo "2060"]
[PlyCount "60"]
[EventDate "2015.09.05"]

1. d4 f5 2. c4 Nf6 3. Nc3 g6 4. g3 Bg7 5. Bg2 O-O 6. Nf3 d6 7. O-O Nc6 8. Bf4
Nh5 9. d5 Nxf4 10. gxf4 Na5 11. Qd3 c5 12. dxc6 Nxc6 13. Ng5 Nd4 14. e3 h6 15.
Nf3 Nxf3+ 16. Bxf3 e5 17. Bd5+ Kh8 18. Ne2 Qh4 19. Bg2 Be6 20. Rac1 Rfd8 21. b3
Rd7 22. Rc2 g5 23. fxg5 e4 24. Qd2 hxg5 25. f3 Be5 26. f4 gxf4 27. Nxf4 Rg7 28.
Rf2 Rag8 29. Kf1 Qxh2 30. Nxe6 Rxg2 0-1

[Event "PRVA LIGA CENTRALNE SRBIJE 2015"]
[Site "Kragujevac"]
[Date "2015.09.06"]
[Round "2.1"]
[White "Pejcic, Milutin"]
[Black "Gavrilovic, Vasilije"]
[Result "1-0"]
[WhiteElo "2192"]
[BlackElo "2081"]
[PlyCount "51"]
[EventDate "2015.09.05"]

1. Nf3 d5 2. c4 e6 3. e3 Nf6 4. b3 b6 5. Bb2 Bb7 6. Be2 Be7 7. O-O O-O 8. Nc3
Nbd7 9. d4 c5 10. Rc1 Rc8 11. Ne5 dxc4 12. bxc4 cxd4 13. exd4 Nxe5 14. dxe5 Nd7
15. Nb5 Ra8 16. Qd4 Bc5 17. Qg4 Qe7 18. Rcd1 Rfd8 19. Rd3 a6 20. Nd6 Bc6 21.
Bf3 Bxf3 22. Rxf3 Rf8 23. Ne4 Kh8 24. Rh3 f5 25. Qg6 h6 26. Ng5 1-0

[Event "PRVA LIGA CENTRALNE SRBIJE 2015"]
[Site "Kragujevac"]
[Date "2015.09.06"]
[Round "2.2"]
[White "Stankovic, Milos"]
[Black "Radibratovic, Predrag"]
[Result "1/2-1/2"]
[WhiteElo "2429"]
[BlackElo "2327"]
[PlyCount "20"]
[EventDate "2015.09.05"]

1. e4 d5 2. exd5 Qxd5 3. Nc3 Qd6 4. d4 c6 5. Nf3 Nf6 6. Ne5 Be6 7. Bf4 Qd8 8.
Qd2 Nbd7 9. O-O-O Nxe5 10. Bxe5 Qa5 1/2-1/2

[Event "PRVA LIGA CENTRALNE SRBIJE 2015"]
[Site "Kragujevac"]
[Date "2015.09.06"]
[Round "2.2"]
[White "Mrsevic, Miroslav"]
[Black "Nestorovic, Dejan"]
[Result "0-1"]
[WhiteElo "2268"]
[BlackElo "2402"]
[PlyCount "156"]
[EventDate "2015.09.05"]

1. f4 d5 2. Nf3 Nf6 3. g3 g6 4. Bg2 Bg7 5. O-O O-O 6. d3 b6 7. c4 Bb7 8. Ne5 c5
9. Nc3 e6 10. e4 d4 11. Na4 Nfd7 12. Nf3 Nc6 13. a3 a5 14. g4 Qc7 15. b3 Rae8
16. Ra2 Kh8 17. Qe1 e5 18. Qg3 exf4 19. Bxf4 Nce5 20. Nh4 Bc6 21. Nb2 b5 22.
cxb5 Bxb5 23. Nc4 Bxc4 24. bxc4 Rb8 25. g5 Rb3 26. Nf3 Nxf3+ 27. Rxf3 Be5 28.
Bf1 Kg8 29. h4 Bxf4 30. Rxf4 Ne5 31. Rf6 Qe7 32. h5 Nxc4 33. Qh4 Ne5 34. Raf2
Rbb8 35. Qg3 Rbd8 36. Ra6 Ra8 37. Raf6 a4 38. Bh3 c4 39. Be6 Ra5 40. dxc4 gxh5
41. g6 hxg6 42. Rxg6+ Kh7 43. Rg7+ Kh6 44. Rf5 Nf3+ 45. Kf2 Rxf5 46. exf5 Qf6
47. Rxf7 Rxf7 48. Bxf7 Ng5 49. Bd5 Qxf5+ 50. Ke1 Qb1+ 51. Ke2 Qc2+ 52. Ke1 Qb1+
53. Ke2 Qg6 54. Qf4 Qc2+ 55. Ke1 Qb1+ 56. Kf2 Qb2+ 57. Ke1 Kg6 58. Qd6+ Kf5 59.
Qg3 Qc1+ 60. Ke2 Qc2+ 61. Ke1 Qc3+ 62. Qxc3 dxc3 63. Bc6 Ke5 64. Bxa4 Kd4 65.
Bb3 Nf3+ 66. Kd1 Nd2 67. Ba4 Nxc4 68. Be8 h4 69. a4 Ne5 70. Bb5 h3 71. Bf1 h2
72. Bg2 Nc4 73. Kc1 Kc5 74. Bh1 Kb4 75. Kc2 Ne3+ 76. Kd3 c2 77. Kd2 Kb3 78. Kc1
Kxa4 0-1

[Event "PRVA LIGA CENTRALNE SRBIJE 2015"]
[Site "Kragujevac"]
[Date "2015.09.06"]
[Round "2.2"]
[White "Markovic, Zoran S"]
[Black "Kahrovic, Mersid"]
[Result "1/2-1/2"]
[WhiteElo "2367"]
[BlackElo "2275"]
[PlyCount "51"]
[EventDate "2015.09.05"]

1. e4 c6 2. d4 d6 3. Nc3 Nf6 4. f4 e6 5. Nf3 d5 6. e5 Nfd7 7. Be3 Nb6 8. b3 Bb4
9. Bd2 Qe7 10. Bd3 N8d7 11. O-O Nf8 12. Kh1 Bd7 13. Ne2 Bxd2 14. Qxd2 a5 15. a4
Ng6 16. Rfb1 Bc8 17. c4 O-O 18. c5 Nd7 19. Bxg6 fxg6 20. b4 axb4 21. Rxb4 Qd8
22. Rab1 Ra7 23. Qd3 Re8 24. Ng5 Nf8 25. Nc3 Qc7 26. Qd1 1/2-1/2

[Event "PRVA LIGA CENTRALNE SRBIJE 2015"]
[Site "Kragujevac"]
[Date "2015.09.06"]
[Round "2.2"]
[White "Brajovic, Miroljub"]
[Black "Milenkovic, Mladen"]
[Result "0-1"]
[WhiteElo "2104"]
[BlackElo "2317"]
[PlyCount "60"]
[EventDate "2015.09.05"]

1. e4 c5 2. c3 d5 3. exd5 Qxd5 4. d4 Nf6 5. Nf3 g6 6. Be2 cxd4 7. cxd4 Bg7 8.
O-O O-O 9. Nc3 Qd6 10. Ne5 Nc6 11. Nb5 Qd8 12. Nxc6 bxc6 13. Nc3 Rb8 14. Bf3
Nd5 15. Nxd5 cxd5 16. b3 Qb6 17. Bf4 Rb7 18. Bxd5 Rd7 19. Qf3 Qa5 20. Bc4 Bb7
21. Qe2 Bxd4 22. Rad1 Rfd8 23. Bb5 Rd5 24. Bc4 Rf5 25. Qxe7 Rxf4 26. Qxb7 Bxf2+
27. Kh1 Rxd1 28. Rxd1 Qe5 29. Rf1 Rf5 30. a4 Qxh2+ 0-1

[Event "PRVA LIGA CENTRALNE SRBIJE 2015"]
[Site "Kragujevac"]
[Date "2015.09.06"]
[Round "2.2"]
[White "Dudukovic, Nikola"]
[Black "Kijanovic, Igor"]
[Result "1-0"]
[WhiteElo "2357"]
[BlackElo "2064"]
[PlyCount "91"]
[EventDate "2015.09.05"]

1. d4 d5 2. Nf3 Nf6 3. g3 c6 4. Bg2 g6 5. O-O Bg7 6. c4 O-O 7. cxd5 cxd5 8. Ne5
Nc6 9. Nxc6 bxc6 10. Nc3 Bf5 11. Bf4 Rc8 12. Be5 Ne4 13. Nxe4 Bxe4 14. Bxg7
Kxg7 15. Bxe4 dxe4 16. e3 Qb6 17. b3 Rfd8 18. Qc2 f5 19. Rfc1 Rd5 20. Qc4 e6
21. Rc2 Kf7 22. Rac1 Ke7 23. Qe2 a5 24. Rc5 Kd7 25. Qc4 g5 26. Qe2 g4 27. h3 h5
28. hxg4 hxg4 29. Kg2 Ke7 30. Qc4 Kd7 31. Rh1 Rc7 32. Rh6 Kd6 33. a3 Re7 34. b4
axb4 35. axb4 Kd7 36. Rf6 Qb7 37. Rxd5+ cxd5 38. Qc5 Qc7 39. b5 Qxc5 40. dxc5
e5 41. Rd6+ Kc7 42. Rxd5 Re6 43. Kf1 f4 44. exf4 exf4 45. gxf4 e3 46. Re5 1-0

[Event "PRVA LIGA CENTRALNE SRBIJE 2015"]
[Site "Kragujevac"]
[Date "2015.09.06"]
[Round "2.2"]
[White "Vizlina, Branisa"]
[Black "Organdziev, Oliver"]
[Result "0-1"]
[WhiteElo "2045"]
[BlackElo "2307"]
[PlyCount "121"]
[EventDate "2015.09.05"]

1. e4 e5 2. Nf3 Nc6 3. d4 exd4 4. Nxd4 d5 5. Bb5 dxe4 6. Nxc6 Qxd1+ 7. Kxd1 a6
8. Nd4+ axb5 9. Nxb5 Bg4+ 10. Ke1 O-O-O 11. Bd2 Bc5 12. N5c3 f5 13. a3 Nf6 14.
h3 Bh5 15. Ne2 Rhe8 16. Bg5 Rd6 17. b4 Red8 18. Nbc3 Bd4 19. Nxd4 Rxd4 20. Ne2
Rc4 21. Nf4 Bf7 22. Rc1 Rc3 23. a4 h6 24. Bxf6 gxf6 25. Ne2 Rc4 26. c3 Bh5 27.
Rf1 f4 28. f3 exf3 29. gxf3 Rd3 30. Ng1 Rcxc3 31. Rxc3 Rxc3 32. Kd2 Rb3 33. b5
Ra3 34. Rc1 Rxa4 35. Rc5 Ra2+ 36. Ke1 Ra1+ 37. Kf2 Ra2+ 38. Kf1 Bg6 39. Rc3 Rb2
40. Ne2 Rxb5 41. Nxf4 Bf7 42. Kf2 Rf5 43. Ke3 b6 44. Ne2 c5 45. Ng3 Re5+ 46.
Kf4 Bg6 47. Kg4 Rg5+ 48. Kf4 Kd7 49. h4 Rd5 50. Ra3 Rd4+ 51. Ke3 Rxh4 52. Ra7+
Ke6 53. Ne2 Rb4 54. Nf4+ Kf5 55. Nd5 Rb3+ 56. Kf2 Ke5 57. Ne3 Ke6 58. Rc7 Be8
59. f4 Bd7 60. Rb7 f5 61. Rb8 0-1

[Event "PRVA LIGA CENTRALNE SRBIJE 2015"]
[Site "Kragujevac"]
[Date "2015.09.06"]
[Round "2.3"]
[White "Milosavljevic, Ivan"]
[Black "Pikula, Dejan"]
[Result "1-0"]
[WhiteElo "2087"]
[BlackElo "2472"]
[PlyCount "67"]
[EventDate "2015.09.05"]

1. e4 c6 2. d4 d5 3. exd5 cxd5 4. Nf3 Nc6 5. Nc3 Bg4 6. Be2 e6 7. Ne5 Bxe2 8.
Nxe2 Bd6 9. Nxc6 bxc6 10. O-O Nf6 11. Ng3 O-O 12. c3 c5 13. Qf3 cxd4 14. cxd4
Qb6 15. Rd1 Rfc8 16. Bg5 Ne8 17. b3 Rc2 18. Nh5 Rac8 19. Qg4 Kf8 20. Nxg7 Bxh2+
21. Kxh2 Nxg7 22. Bh6 Qc7+ 23. Kg1 f5 24. Qg5 Qf7 25. Rac1 Kg8 26. Rxc2 Rxc2
27. Rd3 Kh8 28. Rg3 Ne8 29. Qe3 Rc7 30. Bf4 Rc8 31. Be5+ Nf6 32. Qh6 Rf8 33. b4
Qe7 34. b5 1-0

[Event "PRVA LIGA CENTRALNE SRBIJE 2015"]
[Site "Kragujevac"]
[Date "2015.09.06"]
[Round "2.3"]
[White "Brkljaca, Ante"]
[Black "Djukic, Nebojsa"]
[Result "1-0"]
[WhiteElo "2321"]
[BlackElo "2174"]
[PlyCount "130"]
[EventDate "2015.09.05"]

1. d4 e6 2. Nf3 Nf6 3. e3 b6 4. Bd3 Bb7 5. Nbd2 c5 6. O-O Be7 7. c3 d6 8. e4
cxd4 9. cxd4 Nbd7 10. Re1 O-O 11. Nf1 Re8 12. Ng3 a6 13. h3 Nf8 14. Bd2 b5 15.
a4 Qb6 16. Qb3 Bc6 17. Rac1 Ng6 18. axb5 Bxb5 19. d5 exd5 20. exd5 Qb7 21. Nd4
Ne5 22. Bxb5 axb5 23. Nc6 Bf8 24. Bg5 Nfd7 25. Nf5 Nc5 26. Rxc5 Nf3+ 27. Qxf3
Rxe1+ 28. Kh2 dxc5 29. d6 Rae8 30. Nce7+ R1xe7 31. Nxe7+ Rxe7 32. dxe7 Qc8 33.
Qe4 Bxe7 34. Qxe7 f6 35. Be3 c4 36. g3 h6 37. Qc5 Qa6 38. h4 Qa4 39. Qd5+ Kh8
40. Qd2 Kh7 41. Bc5 Qa1 42. Bd4 Qf1 43. Bc3 Qb1 44. Qe1 Qc2 45. Kg2 Qd3 46. Qe3
Qd5+ 47. Qf3 Qc5 48. Qe4+ Kh8 49. Bd4 Qc8 50. Bc3 Qc5 51. Qd4 Qc6+ 52. Kg1 Qb7
53. Qc5 Qd7 54. Bd4 Qe8 55. Be3 Qd7 56. Qd4 Qc6 57. Bd2 Qe6 58. g4 Kh7 59. Kg2
Qe7 60. Kf3 Kh8 61. Qd5 Qe8 62. Bc3 Qb8 63. g5 hxg5 64. hxg5 Qh2 65. Qa8+ Kh7
1-0

[Event "PRVA LIGA CENTRALNE SRBIJE 2015"]
[Site "Kragujevac"]
[Date "2015.09.06"]
[Round "2.3"]
[White "Mladenovic, Stefan"]
[Black "Sorgic, Dragan"]
[Result "1-0"]
[WhiteElo "2326"]
[BlackElo "2215"]
[PlyCount "51"]
[EventDate "2015.09.05"]

1. d4 Nf6 2. Nf3 g6 3. g3 Bg7 4. Bg2 O-O 5. O-O d6 6. a4 a5 7. Re1 c6 8. e4 Na6
9. Nc3 Nb4 10. h3 Qc7 11. d5 Nd7 12. Bf4 Ne5 13. Nxe5 dxe5 14. Be3 Rd8 15. Re2
e6 16. Rd2 exd5 17. exd5 Nxd5 18. Bxd5 cxd5 19. Nxd5 Rxd5 20. Rxd5 Bxh3 21. Qf3
Bd7 22. Bb6 Qc8 23. Qd1 Bg4 24. Rd8+ Qxd8 25. Qxd8+ Rxd8 26. Bxd8 1-0

[Event "PRVA LIGA CENTRALNE SRBIJE 2015"]
[Site "Kragujevac"]
[Date "2015.09.06"]
[Round "2.3"]
[White "Todorovic, Nenad I"]
[Black "Jovanovic, Sasa M"]
[Result "1-0"]
[WhiteElo "2197"]
[BlackElo "2251"]
[PlyCount "105"]
[EventDate "2015.09.05"]

1. e4 d5 2. exd5 Nf6 3. d4 Nxd5 4. Nf3 Bg4 5. c4 Nb6 6. Nc3 e6 7. Be3 Be7 8.
Qd2 Nc6 9. O-O-O Bf6 10. Ne4 Qe7 11. Nxf6+ gxf6 12. h3 Bxf3 13. gxf3 O-O-O 14.
Qc3 Rhg8 15. f4 Qb4 16. Qxb4 Nxb4 17. a3 Nc6 18. b4 Ne7 19. Bd3 f5 20. Be2 c6
21. Kb2 Kb8 22. Kb3 Nd7 23. a4 Nf6 24. b5 Ne4 25. Bf3 b6 26. Kb2 cxb5 27. axb5
Ng6 28. h4 Rc8 29. Kb3 Rc7 30. h5 Ne7 31. Rhg1 Rgc8 32. Be2 Nd6 33. Rc1 h6 34.
Rg7 Ng8 35. c5 Nb7 36. Bf3 bxc5 37. dxc5 Nf6 38. c6 Nd6 39. b6 axb6 40. Bxb6
Nde4 41. Bxc7+ Rxc7 42. Bxe4 fxe4 43. Kb4 Nxh5 44. Rg8+ Rc8 45. Rxc8+ Kxc8 46.
Kc5 Nxf4 47. Kd6 Nd5 48. Rh1 e3 49. Rxh6 Kb8 50. fxe3 Nxe3 51. Rh8+ Ka7 52. c7
Nc4+ 53. Ke7 1-0

[Event "PRVA LIGA CENTRALNE SRBIJE 2015"]
[Site "Kragujevac"]
[Date "2015.09.06"]
[Round "2.3"]
[White "Vojinovic, Luka"]
[Black "Grkovic, Vladan"]
[Result "0-1"]
[WhiteElo "2122"]
[BlackElo "2167"]
[PlyCount "78"]
[EventDate "2015.09.05"]

1. d4 d5 2. c4 c6 3. Nc3 Nf6 4. Nf3 a6 5. a4 e6 6. e3 Nbd7 7. Bd3 Qa5 8. Bd2
Bb4 9. O-O O-O 10. Qc2 dxc4 11. Bxc4 e5 12. e4 exd4 13. Nxd4 Qc5 14. Nce2 Bxd2
15. Nb3 Qb4 16. Nxd2 Ne5 17. Bb3 Rd8 18. Nc3 Bg4 19. Ba2 Nh5 20. Rfe1 Nf4 21.
Re3 Rd7 22. h3 Rad8 23. Nf1 Be6 24. Bxe6 Nxe6 25. Na2 Qe7 26. Rae1 h5 27. Qc3
Nf4 28. Nc1 Qg5 29. Rg3 Qf6 30. Ne3 Nfg6 31. a5 Rd2 32. Rf1 h4 33. Ng4 Qf4 34.
Re3 Nxg4 35. hxg4 Qxg4 36. Nd3 R8xd3 37. Rxd3 Nf4 38. Rg3 Ne2+ 39. Kh1 hxg3 0-1

[Event "PRVA LIGA CENTRALNE SRBIJE 2015"]
[Site "Kragujevac"]
[Date "2015.09.06"]
[Round "2.4"]
[White "Dimitrijevic, Srdjan"]
[Black "Milanovic, Slavisa"]
[Result "1/2-1/2"]
[WhiteElo "2258"]
[BlackElo "2381"]
[PlyCount "87"]
[EventDate "2015.09.05"]

1. d4 e6 2. Nf3 Nf6 3. c4 Bb4+ 4. Bd2 Qe7 5. Nc3 Bxc3 6. Bxc3 Ne4 7. Qc2 Nxc3
8. Qxc3 O-O 9. e4 Nc6 10. Bd3 d6 11. e5 dxe5 12. dxe5 Qb4 13. Qxb4 Nxb4 14. Be4
Na6 15. O-O-O Nc5 16. Bc2 a5 17. Ng5 h6 18. Ne4 Nxe4 19. Bxe4 f6 20. exf6 gxf6
21. f4 Kf7 22. Rd3 f5 23. Bf3 Ke7 24. Rhd1 Ra6 25. c5 a4 26. b4 axb3 27. axb3
b6 28. cxb6 Ra1+ 29. Kb2 Rxd1 30. Rxd1 cxb6 31. Kc3 Bd7 32. Kb4 Rc8 33. Ra1 Rc5
34. Ra8 Rb5+ 35. Kc3 Rc5+ 36. Kb2 e5 37. fxe5 Rxe5 38. Rh8 Re6 39. Rh7+ Kd6 40.
Rf7 Re3 41. Rf6+ Be6 42. Bd1 Re1 43. Bf3 Re3 44. Bd1 1/2-1/2

[Event "PRVA LIGA CENTRALNE SRBIJE 2015"]
[Site "Kragujevac"]
[Date "2015.09.06"]
[Round "2.4"]
[White "Jovanovic, Dusan D"]
[Black "Dinev, Dejan"]
[Result "1-0"]
[WhiteElo "2381"]
[BlackElo "2299"]
[PlyCount "105"]
[EventDate "2015.09.05"]

1. Nf3 Nf6 2. c4 c5 3. Nc3 Nc6 4. g3 g6 5. Bg2 Bg7 6. d4 cxd4 7. Nxd4 O-O 8.
O-O d6 9. Nc2 Be6 10. b3 Qd7 11. Bb2 Bh3 12. Ne3 Bxg2 13. Kxg2 Rac8 14. h3 Ne4
15. Rc1 Ng5 16. Rh1 Ne6 17. Qd2 f5 18. Ned5 Nc5 19. Rhd1 Rcd8 20. b4 Ne6 21. f4
b6 22. Kh2 Rf7 23. Nb5 Bh6 24. Qc3 Bg7 25. Qb3 a6 26. Bxg7 Nxg7 27. Nbc3 Qa7
28. b5 Na5 29. Qb4 e6 30. Ne3 Rfd7 31. bxa6 Qxa6 32. Rb1 d5 33. cxd5 Rd6 34.
dxe6 Rxd1 35. Rxd1 Rxd1 36. Nexd1 Nxe6 37. Qe7 Qc4 38. Ne3 Qxc3 39. Qxe6+ Kf8
40. Qd6+ Ke8 41. Nd5 Qc5 42. Nc7+ Kf7 43. Qd7+ Kg8 44. Qd8+ Qf8 45. Qd5+ Qf7
46. Ne6 Nb7 47. Qc6 h6 48. Qxb6 Qe7 49. a4 Kh8 50. Nd4 Nc5 51. Qxg6 Qe3 52.
Qxh6+ Kg8 53. Qg7+ 1-0

[Event "PRVA LIGA CENTRALNE SRBIJE 2015"]
[Site "Kragujevac"]
[Date "2015.09.06"]
[Round "2.4"]
[White "Krstic, Ranko"]
[Black "Lapcevic, Milos"]
[Result "1/2-1/2"]
[WhiteElo "2217"]
[BlackElo "2376"]
[PlyCount "105"]
[EventDate "2015.09.05"]

1. d4 Nf6 2. Nf3 e6 3. g3 b5 4. Bg2 Bb7 5. O-O Be7 6. b3 O-O 7. Bb2 Na6 8. Nbd2
c5 9. c4 b4 10. e3 Rc8 11. Qe2 Qc7 12. Rfd1 d6 13. Rac1 h6 14. Bh3 Rcd8 15. Bg2
Nb8 16. e4 cxd4 17. Bxd4 Nc6 18. Bb2 Nd7 19. Nf1 Nde5 20. Ne3 Qa5 21. Qc2 Nxf3+
22. Bxf3 Bg5 23. Re1 Ne5 24. Bg2 Nd7 25. h4 Be7 26. e5 Bxg2 27. exd6 Bxd6 28.
Kxg2 Nc5 29. Bd4 f5 30. Qe2 f4 31. Qg4 Rf7 32. Bxc5 Bxc5 33. gxf4 Rd4 34. Qxe6
Rdxf4 35. Rc2 Kh7 36. Rd2 R7f6 37. Qh3 Rg6+ 38. Kf1 Rgf6 39. Ng4 R6f5 40. Ne3
Bxe3 41. Rxe3 Qb6 42. Qg3 Qf6 43. Red3 Rxh4 44. Rd6 Qa1+ 45. Rd1 Rh1+ 46. Kg2
Rxd1 47. Qg6+ Kg8 48. Rxd1 Rxf2+ 49. Kxf2 Qxd1 50. Qe8+ Kh7 51. Qe4+ Kg8 52.
Qe8+ Kh7 53. Qe4+ 1/2-1/2

[Event "PRVA LIGA CENTRALNE SRBIJE 2015"]
[Site "Kragujevac"]
[Date "2015.09.06"]
[Round "2.4"]
[White "Blesic, Vaso"]
[Black "Stankovic, Ivan G"]
[Result "0-1"]
[WhiteElo "2365"]
[BlackElo "2206"]
[PlyCount "58"]
[EventDate "2015.09.05"]

1. e4 c5 2. c3 d5 3. exd5 Qxd5 4. d4 Nf6 5. Nf3 Nc6 6. dxc5 Qxd1+ 7. Kxd1 Bg4
8. h3 O-O-O+ 9. Ke1 Bh5 10. Be3 Nd5 11. Bc4 e5 12. b4 f5 13. Be2 f4 14. Bd2 Be7
15. Nxe5 Nxe5 16. Bxh5 Nc4 17. Bf7 Nxd2 18. Nxd2 Nxc3 19. Nf3 Bf6 20. Rc1 Kc7
21. Kf1 Rd3 22. Bc4 Rd7 23. g4 fxg3 24. fxg3 Ne4 25. Kg2 Nd2 26. Rhd1 Rhd8 27.
Bb5 Rd5 28. Rc2 Nxf3 29. Rxd5 Ne1+ 0-1

[Event "PRVA LIGA CENTRALNE SRBIJE 2015"]
[Site "Kragujevac"]
[Date "2015.09.06"]
[Round "2.4"]
[White "Dragicevic, Dragan"]
[Black "Stojiljkovic, Stefan"]
[Result "1-0"]
[WhiteElo "2214"]
[BlackElo "2134"]
[PlyCount "75"]
[EventDate "2015.09.05"]

1. d4 d5 2. c4 c6 3. Nc3 Nf6 4. Nf3 e6 5. e3 Nbd7 6. Bd3 dxc4 7. Bxc4 b5 8. Bd3
a6 9. O-O c5 10. Qe2 Bb7 11. Rd1 Qc7 12. Bd2 cxd4 13. exd4 Be7 14. Rac1 Qb6 15.
Bf4 O-O 16. Bb1 Rac8 17. d5 Nxd5 18. Nxd5 Bxd5 19. Rxd5 exd5 20. Rxc8 Rxc8 21.
Qxe7 Nf6 22. Qe3 Qa5 23. h3 Qb4 24. Qd2 Qc5 25. Nd4 Ne4 26. Bxe4 dxe4 27. Be3
Qc4 28. Qa5 Ra8 29. b3 Qd3 30. a4 bxa4 31. Qxa4 h6 32. b4 Rb8 33. Nc6 Re8 34.
Bc5 Kh8 35. Qa1 Qb5 36. Nd4 Qc4 37. Nf5 f6 38. Nd6 1-0

[Event "PRVA LIGA CENTRALNE SRBIJE 2015"]
[Site "Kragujevac"]
[Date "2015.09.06"]
[Round "2.5"]
[White "Ristic, Nenad"]
[Black "Kuzubov, Yuriy"]
[Result "0-1"]
[WhiteElo "2440"]
[BlackElo "2636"]
[PlyCount "90"]
[EventDate "2015.09.05"]

1. e4 c5 2. c3 e6 3. d4 d5 4. exd5 exd5 5. Be3 cxd4 6. Bxd4 a6 7. Nf3 Nc6 8.
Be2 Nxd4 9. Qxd4 Nf6 10. c4 Qa5+ 11. Nc3 Bc5 12. Qe5+ Be6 13. cxd5 Nxd5 14. O-O
Nxc3 15. bxc3 O-O 16. Bd3 Rad8 17. Nd4 g6 18. Rac1 Rfe8 19. Qg5 Rd5 20. Qf4
Bxd4 21. cxd4 Red8 22. Be4 Rxd4 23. Qe3 b5 24. h4 Qd2 25. Qf3 Bc4 26. Rfd1 Qb2
27. Re1 R4d6 28. a4 Qf6 29. Qg3 h5 30. Kh2 Rd4 31. axb5 axb5 32. Re3 Bd5 33.
Bxd5 R8xd5 34. Re8+ Kg7 35. Qb8 Qxh4+ 36. Kg1 Rd1+ 37. Re1 Rxc1 38. Rxc1 Qd8
39. Qf4 Rd1+ 40. Rxd1 Qxd1+ 41. Kh2 Qd5 42. g3 Qc4 43. Qe5+ Kh7 44. f4 b4 45.
Kh3 Qe6+ 0-1

[Event "PRVA LIGA CENTRALNE SRBIJE 2015"]
[Site "Kragujevac"]
[Date "2015.09.06"]
[Round "2.5"]
[White "Milanovic, Danilo"]
[Black "Ristic, Nebojsa M"]
[Result "1/2-1/2"]
[WhiteElo "2462"]
[BlackElo "2374"]
[PlyCount "111"]
[EventDate "2015.09.05"]

1. d4 Nf6 2. c4 d6 3. Nc3 Nbd7 4. e4 e5 5. Nf3 exd4 6. Nxd4 Be7 7. Be2 O-O 8.
O-O Re8 9. Re1 Bf8 10. Bf1 Nc5 11. f3 a5 12. b3 c6 13. Be3 Qe7 14. Qd2 g6 15.
Bg5 Bg7 16. Rad1 Qc7 17. Be3 Nfd7 18. Kh1 Ne5 19. Nc2 Ne6 20. Na4 Bf8 21. Nb6
Rb8 22. Qxa5 Nd7 23. b4 Nxb6 24. Qxb6 Qe7 25. Qa7 Bd7 26. Qa3 Qh4 27. Qd3 Ra8
28. a3 d5 29. Qe2 Bd6 30. Bg1 Bg3 31. Qd2 Bxe1 32. Rxe1 Nf8 33. Bf2 Qf6 34. Bd4
Qh4 35. Bf2 Qf6 36. cxd5 cxd5 37. Qxd5 Qc3 38. Ne3 Bc6 39. Qg5 Ne6 40. Qh4 Rxa3
41. b5 Bxe4 42. fxe4 g5 43. Qg4 Ra1 44. Rxa1 Qxa1 45. Bg1 Qf6 46. Bc4 Ra8 47.
Qf5 Qxf5 48. exf5 Nd4 49. g4 Ra1 50. Kg2 Rb1 51. f6 Rb4 52. h3 Nxb5 53. Bh2
Rb2+ 54. Kh1 Rb1+ 55. Kg2 Rb2+ 56. Kh1 1/2-1/2

[Event "PRVA LIGA CENTRALNE SRBIJE 2015"]
[Site "Kragujevac"]
[Date "2015.09.06"]
[Round "2.5"]
[White "Radovanovic, Mihajlo"]
[Black "Savic, Miodrag R"]
[Result "1-0"]
[WhiteElo "2421"]
[BlackElo "2503"]
[PlyCount "53"]
[EventDate "2015.09.05"]

1. Nf3 Nf6 2. c4 e6 3. g3 b6 4. Bg2 Bb7 5. O-O Be7 6. d4 O-O 7. d5 exd5 8. Nh4
Ne4 9. cxd5 Bxh4 10. Bxe4 Bf6 11. Nc3 c5 12. dxc6 dxc6 13. Qc2 h6 14. Bf4 Qe7
15. Rfd1 Be5 16. Bxe5 Qxe5 17. Qa4 Qe6 18. Qa3 Re8 19. Rd6 Qc8 20. Rad1 Na6 21.
b4 c5 22. Bxb7 Qxb7 23. Rd7 Qc8 24. Nd5 Nxb4 25. Qf3 f5 26. Qxf5 Kh8 27. Nf6
1-0

[Event "PRVA LIGA CENTRALNE SRBIJE 2015"]
[Site "Kragujevac"]
[Date "2015.09.06"]
[Round "2.5"]
[White "Arsovic, Zoran"]
[Black "Rajkovic, Dusan"]
[Result "1/2-1/2"]
[WhiteElo "2421"]
[BlackElo "2367"]
[PlyCount "59"]
[EventDate "2015.09.05"]

1. Nf3 c5 2. c4 Nf6 3. g3 b6 4. Bg2 Bb7 5. O-O e6 6. Nc3 Be7 7. d4 cxd4 8. Qxd4
d6 9. Bg5 a6 10. Bxf6 Bxf6 11. Qd3 Bxc3 12. Qxc3 O-O 13. Rad1 Bxf3 14. Qxf3 Ra7
15. Qf4 Rd7 16. Rd2 Qc7 17. Rfd1 Rfd8 18. b3 Nc6 19. h3 h6 20. Qe4 Ne7 21. Qe3
Qc5 22. Qf4 Ng6 23. Qe4 Ne7 24. a4 a5 25. e3 Qb4 26. Qb1 Qc5 27. Kh2 Nc6 28.
Qe4 Ne7 29. Qb1 Nc6 30. Qe4 1/2-1/2